| 000 | 00513nam a22001697a 4500 | ||
|---|---|---|---|
| 003 | DO-SdBNP | ||
| 005 | 20171128092601.0 | ||
| 008 | 171128b 1989us||||| |||| 00| 0 spa d | ||
| 040 |
_aBPMSU _bspa _cBPMSU |
||
| 245 | _aLa historia de la iglesia en la dispensación del cumplimiento de los tiempos | ||
| 260 |
_aSalt Lake City, Utah, _c1989 |
||
| 300 |
_av., _bil. , retrs, mapas ; _c27 cm. |
||
| 490 | 1 |
_aReligión _v341-343 |
|
| 500 | _aIncluye índice | ||
| 942 |
_2ddc _cBK |
||
| 945 | _aInventariado, 2017/MFF | ||
| 999 |
_c13148 _d13148 |
||